Statistics for Youngest and oldest squads for the FIFA 2018 World Cup

Click here to take the quiz!

General Stats

  • This quiz has been taken 596 times
  • The average score is 9 of 16

Answer Stats

HintAverage player ageAnswer% Correct
Youngest26.4France
90%
Oldest28Spain
81%
Youngest25.9England
80%
Youngest25.7Germany
78%
Oldest28.4Argentina
75%
Oldest28.1Russia
69%
Oldest29.4Panama
51%
Youngest24.9Nigeria
50%
Oldest28.7Uruguay
50%
Youngest26.5Iran
47%
Oldest28.7Saudi Arabia
47%
Youngest26.5South Korea
47%
Youngest26.1Denmark
44%
Youngest26.4Senegal
44%
Oldest29Iceland
40%
Oldest29Costa Rica
28%

Score Distribution

Percentile by Number Answered

Percent of People with Each Score

Your Score History

You have not taken this quiz